000 01256cam a2200241 4500
001 J126372
008 040602n2004 000 0 eng u
035 _a(Sirsi) u126372
041 _aeng
050 _a333.332
_c18
110 _aCollege of Estate Management
_9400
245 _aValuing for right to buy
_ba review of the valuation process in sales of local authority housing to sitting tenants
_h[electronic resource]
260 _aLondon
_bODPM
_c2004
520 _aThis report reviews the system for valuing property for Right to Buy (RTB) purposes by local authorities and by the Valuation Office Agency (VOA). The ODPM commissioned research was prompted by a 50% increase in the number of RTB valuation appeals and aims to identify the extent of and reasons for variations between local authority and VOA valuations of the same property. View at www.dclg.gov.uk.
650 _aCOUNCIL HOUSING
650 _aSITTING TENANTS
650 _aRIGHT TO BUY
650 _aSOCIAL HOUSING
690 _aPROPERTY-PROPERTY APPRAISAL AND VALUATION
710 _aUnited Kingdom
_bOffice of the Deputy Prime Minister
856 _uhttps://www.communities.gov.uk/documents/housing/pdf/140666.pdf
_zView the report at www.communities.gov.uk
942 _n0
999 _c103613
_d103613